000 00649cam a2200205 a 4500
001 4470106
005 20251113185532.0
008 960308s1997 njua 001 0 eng
020 _a0133745880
020 _a9780133745887
050 0 0 _aTK7874.65
_b.K37 1996
082 0 0 _a004.2/56
_220
100 1 _aKaralis, Edward.
245 1 0 _aDigital design principles and computer architecture /
_cEdward Karalis.
260 _aUpper Saddle River, N.J. :
_bPrentice Hall,
_c1997.
300 _axiii, 528 p. :
_billus. ;
_c25 cm.
650 0 _aDigital integrated circuits
_xDesign and construction.
650 0 _aComputer architecture.
942 _2lcc
_cBK
_n0
999 _c8262
_d8262